The new international dictionary of New Testament theology; vol. 3. (Record no. 1813)

000 -LEADER
fixed length control field 00669nam a2200193 a 4500
001 - CONTROL NUMBER
control field :::00018052$&:&@@
003 - CONTROL NUMBER IDENTIFIER
control field OkBaRHE
005 - DATE AND TIME OF LATEST TRANSACTION
control field 20100327125918.0
008 - FIXED-LENGTH DATA ELEMENTS--GENERAL INFORMATION
fixed length control field s1978 j 000 0 eng u
040 ## - CATALOGING SOURCE
Transcribing agency
100 1# - MAIN ENTRY--PERSONAL NAME
Personal name Brown, Colin, 1932- ,
245 14 - TITLE STATEMENT
Title The new international dictionary of New Testament theology; vol. 3.
260 ## - PUBLICATION, DISTRIBUTION, ETC. (IMPRINT)
Place of publication, distribution, etc Grand Rapids, MI., :
Name of publisher, distributor, etc Zondervan Pub. House
Date of publication, distribution, etc 1978
300 ## - PHYSICAL DESCRIPTION
Extent v. (1-3) ;
Dimensions 25 cm.
650 ## - SUBJECT ADDED ENTRY--TOPICAL TERM
Topical term or geographic name as entry element Bible New Testament
General subdivision Dictionaries
650 ## - SUBJECT ADDED ENTRY--TOPICAL TERM
Topical term or geographic name as entry element Bible New Testament
General subdivision Theology
-- Dictionaries
942 ## - ADDED ENTRY ELEMENTS (KOHA)
Source of classification or shelving scheme
Koha item type Books
Copies
Lost status Damaged status Date acquired Shelving location Copy number Not for loan Source of classification or shelving scheme Koha item type Date last seen Collection code Price effective from Withdrawn status Full call number Permanent Location Barcode
  2010-04-14General Stacks1  Books2018-03-16Reference2010-04-14 BS 2397 .N48RHEMA Bible Training College18052